00375nam a2200109Ia 4500008004100000082002100041100001900062245003700081260003500118630002800153650008400181211109s9999||||xx |||||||||||||| ||und|| a494.81203bRAV-V aRavivarma, L A 0aVinjanam:Malayalam Encyclopaedia bBalanaThiruvanathapuramc1964 xPOST GRADUATE REFERENCE aMalayalam Language StudyvMalayalam Dictionarymalayalam EncyclopediaxMalayalam